01004nam a2200241 a 450000100100000000500170001000800410002702000150006804000250008308200170010810000390012524500810016426000800024530000230032549000350034850000410038350000750042450400740049983000420057304900090061595201210062499900170074500002434620200930022930.0110126s2000 pe r 000 0 spa d a9972450988 aDO-SdBNPbspacBNPHU axxxxxbS586i1 aSilva Santisteban, Fernando94993110aIntroducción a la antropología jurídica /cFernando Silva Santisteban. aLima, Perú :bUniversidad de Lima :bFondo de Cultura Económica,c2000. a384 p. ;c23.5 cm.1 aBiblioteca universidad de lima aIncluye bibliografía p. [311-327]. aIncluye referencia biográfica del autor en la solapa de la cubierta. aIncluye referencias bibliográficas y notas al pie de las páginas. 0aBiblioteca universidad de lima933896 aBNGR 001054708MOaGRbGRcCTd2011-01-26iLF1l0oxxxxx S586ip24346-10r2020-06-25w2020-06-25y4ZPréstamo en sala c23839d23839